| 000 | 00380pab a2200145 454500 | ||
|---|---|---|---|
| 008 | 180718b2000 xxu||||| |||| 00| 0 eng d | ||
| 100 | _aNaik, B.M. | ||
| 245 | _aIndustry-university partnership: global trends and relevance for India | ||
| 260 | _c2000 | ||
| 300 | _ap.5-7 | ||
| 362 | _a24 Apr | ||
| 650 | _aIndustry and education | ||
| 773 | _aUniversity News | ||
| 909 | _a44643 | ||
| 999 |
_c44643 _d44643 |
||